| 000 | 00407nam a2200169Ia 4500 | ||
|---|---|---|---|
| 005 | 20240823045351.0 | ||
| 008 | 240823s9999||||xx |||||||||||||| ||und|| | ||
| 041 | _aENGLISH | ||
| 082 | _A624 N1 | ||
| 100 | _aRangwala D K | ||
| 245 | 0 | _aCivil Engineering Drawing | |
| 250 | _a2nd | ||
| 260 |
_c1991 _bCharotar Publishing |
||
| 500 | _aTRANSFERED | ||
| 650 |
_aCivil Engineering _bCivil |
||
| 942 | _cBK | ||
| 999 |
_c214797 _d214797 |
||